HIV/AIDS drugs : funding implications of new combination therapies for federal and state programs : report to the Subcommittee on Labor, Health and Human Services, and Education, Committee on Appropriations, U.S. Senate /

Bibliographic Details
Corporate Authors: United States. General Accounting Office, United States. Congress. Senate. Committee on Appropriations. Subcommittee on Departments of Labor, Health and Human Services, Education, and Related Agencies
Format: Government Document Microform Book
Language:English
Published: Washington, D.C. (P.O. Box 37050, Washington 20013) : The Office, [1998]
Subjects:
Online Access:Adobe Acrobat Reader required

MARC

Tag First Indicator Second Indicator Subfields
LEADER 00000cam a2200000 a 4500
001 in00000006125
007 he bmb024bbca
008 990823s1998 dcub bb f000 0 eng c
005 20230331144436.2
035 |a (OCoLC)ocm44145019 
035 |9 AJK1319AM 
035 |a in00000006125 
037 |a 161242  |b GAO (202) 512-6000 (voice); (202) 512-6061 (Fax)  |f paper copy 
040 |a CUT  |c CUT  |d SPI  |d GPO  |d DLC  |d MvI  |d UtOrBLW 
042 |a pcc 
043 |a n-us--- 
049 |a UMIC 
049 |a WWW 
050 1 4 |a RA644.A25  |b A1433 
060 0 0 |a 1999 A-715 
060 1 0 |a WC 503  |b U58h 1998 
074 |a 0546-D (MF) 
074 |a 0546-D (online) 
086 0 |a GA 1.13:HEHS-99-2 
088 |a GAO/HEHS-99-2 
088 |a B-276444 
110 1 |a United States.  |b General Accounting Office. 
245 1 0 |a HIV/AIDS drugs :  |b funding implications of new combination therapies for federal and state programs : report to the Subcommittee on Labor, Health and Human Services, and Education, Committee on Appropriations, U.S. Senate /  |c United States General Accounting Office. 
246 3 0 |a Funding implications of new combination therapies for federal and state programs 
264 1 |a Washington, D.C. (P.O. Box 37050, Washington 20013) :  |b The Office,  |c [1998] 
300 |a 36 pages :  |b map ;  |c 28 cm. 
336 |a text  |b txt  |2 rdacontent 
337 |a microform  |b h  |2 rdamedia 
338 |a microfiche  |b he  |2 rdacarrier 
500 |a Cover title. 
500 |a Shipping list number: 99-0717-M. 
500 |a "October 1998." 
500 |a Shipping List Date: 07/26/99 
504 |a Includes bibliographical references. 
500 |a "GAO/HEHS-99-2." 
500 |a "B-276444"--P. 1. 
533 |a Microfiche.  |b [Washington, D.C.] :  |c U.S. General Accounting Office,  |d [1999?]  |e 1 microfiche : negative.  |7 s1999 dcun b 
530 |a Also available via Internet from the GPO Access web site. Address as of 3/29/02: http://frwebgate.access.gpo.gov/cgi-bin/getdoc.cgi?dbname=gao&docid=f:he99002.pdf; current access is available via PURL. 
500 |a Microform. 
650 0 |a AIDS (Disease)  |x Treatment  |z United States  |x Finance. 
650 0 |a AIDS (Disease)  |x Treatment  |z United States  |x States  |x Finance. 
650 0 |a HIV infections  |x Treatment  |z United States  |x Finance. 
650 0 |a HIV infections  |x Treatment  |z United States  |x States  |x Finance. 
650 0 |a Drugs  |z United States. 
650 0 |a Medicaid  |x Costs. 
650 0 |a Medical policy  |z United States. 
710 1 |a United States.  |b Congress.  |b Senate.  |b Committee on Appropriations.  |b Subcommittee on Departments of Labor, Health and Human Services, Education, and Related Agencies. 
856 4 1 |u https://purl.fdlp.gov/GPO/LPS18425  |z Adobe Acrobat Reader required  |t 0 
999 |a MARS 
999 f f |i ce1fd5d8-053c-3162-a2af-5d3dc15722ea  |s 1b7b274e-ddf8-3e89-bc83-e46cd78e265e  |t 0 
952 f f |p normal  |a Texas A&M University  |b College Station  |c Sterling C. Evans Library  |d Evans: US Documents Microfiche (3rd floor)  |t 0  |e GA 1.13:HEHS-99-2  |h Superintendent of Documents classification  |i microform -- microfiche  |m A14824307659 
952 f f |a Texas A&M University  |b College Station  |c Electronic Resources  |d Available Online  |t 0  |e GA 1.13:HEHS-99-2  |h Superintendent of Documents classification 
998 f f |a GA 1.13:HEHS-99-2  |t 0  |l Evans: US Documents Microfiche (3rd floor) 
998 f f |a GA 1.13:HEHS-99-2  |t 0  |l Available Online